000
00186nam a22000857a 4500
082
_a
823
100
_a
PAI, ANAND
245
_a
THE QUEEN'S NECKLACE
_b
A COLLECTION OF JATAKA TALES
942
_c
BK
999
_c
8349
_d
8349